Treasure island

Bibliographic Details
Main Author: Stevenson's, Robert Louis
Format: Book
Published: New York : Puffin Books , 2005
Subjects:

MARC

LEADER 00000cam a2200000 7i4500
001 0000009319
005 20160330.0
008 070925
020 |a 0142404705 
090 0 0 |a STE   |b ENG (8228) 
100 1 |a Stevenson's, Robert Louis 
245 1 0 |a Treasure island   |c Robert Louis Stevenson's 
260 |a New York :   |b Puffin Books ,   |c 2005 
500 |a Teenager ages 13-18 years old (blue) 
650 0 |a English fiction 
999 |a 0000997910   |b Book   |c Teenagers   |e Perbadanan Perpustakaan Awam Johor 
999 |a 0000997911   |b Book   |c Teenagers   |e Perbadanan Perpustakaan Awam Johor 
999 |a 0000997912   |b Book   |c Teenagers   |e Perbadanan Perpustakaan Awam Johor